000 00395 a2200169 4500
001 189045
020 _a978-377-1217-7
040 _cMagnum
100 _aBraz, Julio Emilio
240 1 0 _aMônica e sua tia interminável
_lpor
245 1 0 _aMônica e sua tia interminável
300 _a47
362 0 _a2009
440 1 _aEscala Educacional
697 _aLITERATURA JUVENIL
942 _cBK
999 _c189045
_d189045